Historia de la revolución de Inglaterra (Record no. 154946)

MARC details
000 -LEADER
campo de control de longitud fija 00942nam a22002295i 4500
001 - NÚMERO DE CONTROL
campo de control 154946
003 - IDENTIFICADOR DE NÚMERO DE CONTROL
campo de control ES-MaACL
005 - FECHA Y HORA DE LA ÚLTIMA TRANSACCIÓN
campo de control 20250726063037.0
008 - DATOS DE LONGITUD FIJA--INFORMACIÓN GENERAL
campo de control de longitud fija 991104s1850 sp |||| | spa d
040 ## - FUENTE DE CATALOGACIÓN
Centro catalogador/agencia de origen EUS
Lengua de catalogación spa
Centro/agencia transcriptor EUS
100 1# - ENTRADA PRINCIPAL--NOMBRE DE PERSONA
Nombre de persona Guizot, François,
Fechas asociadas al nombre 1787-1874
9 (RLIN) 127641
245 10 - MENCIÓN DEL TÍTULO
Título Historia de la revolución de Inglaterra
Resto del título : desde el advenimiento de Carlos I hasta la muerte de Cromwell /
Mención de responsabilidad, etc. por M. Guizot ; tomo I [-IV].
260 ## - PUBLICACIÓN, DISTRIBUCIÓN, ETC.
Lugar de publicación, distribución, etc. Madrid :
Nombre del editor, distribuidor, etc. [s.n.],
Fecha de publicación, distribución, etc. 1850 (
Fabricante Imprenta de Aguirre y Compañía)
300 ## - DESCRIPCIÓN FÍSICA
Extensión 2 v. (164, 179; 192, 238 p.) ;
Dimensiones 16 cm.
490 1# - MENCIÓN DE SERIE
Mención de serie La época, biblioteca del siglo
593 ## -
-- Encabezamiento completado con: Enciclopedia universal ilustrada europeo-americana, t. XXVII, p. 311.
597 ## - NOTA DE DESCRIPCIÓN FÍSICA
NOTA DE DESCRIPCIÓN FÍSICA Signaturizado.
597 ## - NOTA DE DESCRIPCIÓN FÍSICA
NOTA DE DESCRIPCIÓN FÍSICA Antep.
830 0# - PUNTO DE ACCESO ADICIONAL DE SERIE-TÍTULO UNIFORME
Título uniforme La época, biblioteca del siglo
9 (RLIN) 221525
852 ## - LOCALIZACIÓN
Ubicación ES-MaACL
Número de control de estantería D-3832
Nota libre -- Enc. hol.
-- -- 4 t. en 2 v.
Holdings
Estatus retirado Estado de pérdida Estado de daño No para préstamo Colección Biblioteca de origen Biblioteca actual Ubicación en estantería Fecha de adquisición Fuente de adquisición Total de préstamos Signatura topográfica completa Código de barras Visto por última vez Precio de reemplazo Tipo de ítem Koha
        Libros del s. XIX Biblioteca del Ateneo de Madrid Biblioteca del Ateneo de Madrid Sala Valle Inclán 17/01/2008     D-3832 901162077 23/02/2023 23/02/2023 Libro impreso antiguo